| 000 | 01023nam a22002417a 4500 | ||
|---|---|---|---|
| 999 |
_c7995 _d7995 |
||
| 003 | AR-CdUCM | ||
| 008 | 190322b ||||| |||| 00| 0 spa d | ||
| 020 | _a9972 47 041 5 | ||
| 040 |
_aMUNICIPALIDAD PROVINCIAL DEL CUSCO _cBIBLIOTECA MUNICIPAL DEL CUSCO |
||
| 082 |
_a388.13 / _bT78 |
||
| 110 |
_aIntermedite techology Development group _922580 |
||
| 245 | _aTransporte rural / | ||
| 260 |
_aLima : _bITDG, _c1999. |
||
| 300 |
_a69 páginas ; _bilustraciones ; _c24.5 cm. |
||
| 440 |
_aLibro de consulta sobre tecnología aplicadas al ciclo alimentario. _n6 _922581 |
||
| 505 | _aContenido : La importancia del transporte rural -- identificación de las necesidades del transporte rural -- Orientación de las necesidades del transporte rural -- consideraciones para orientar ... | ||
| 650 |
_aTransorte rural _922582 |
||
| 650 |
_aPolítica de transporte _922583 |
||
| 650 |
_aplanificación del transporte _922584 |
||
| 710 |
_aUnited ntions development fund for women _922585 |
||
| 942 |
_2ddc _cLIBROS |
||
| 945 | _azta | ||